banner-ar

الغزو الصليبى فى عهد الدولة الزنكية / (Record no. 60499)

MARC details
000 -الفاتح
حقل البيانات ثابتة الطول 01156nam a2200301 4500
005 - وقت وتاريخ اخر تعامل مع التسجيلة
رقم الضبط 20240530110413.0
008 - عناصر البيانات ثابتة الطول - معلومات عامة
حقل البيانات ثابتة الطول 150225s2012 ua g b 000 0aara d
017 ## - رقم الايداع القانونى
رقم الايداع القانونى 21646/2011
المصدر ( الهيئة المختصة) مصر . دار الكتب المصرية
020 ## - الرقم الدولى المعيارى للكتب
الرقم الدولى المعيارى للكتاب 9789773503662
040 ## - مصدر الفهرسة
وكالة الفهرسة الأصلية EG-CaGPL
041 0# - رمز اللغة
رمز لغة النص/ المسارات الصوتية أو العنوان الانفرادي ara
082 04 - رقم تصنيف ديوى العشرى
رقم الطبعة 21
رقم التصنيف 953.07392\
رقم المادة ع غ
100 0# - المدخل الرئيسى - إسم شخصى
الإسم الشخصى على محمد محمد
245 12 - بيان العنوان
العنوان الغزو الصليبى فى عهد الدولة الزنكية /
بيان المسئوليه,etc تاليف على محمد محمد
250 ## - بيان الطبعة
بيان الطبعة ط1
260 ## - PUBLICATION, DISTRIBUTION, ETC. (IMPRINT)
تاريخ النشر أو التوزيع 2012
300 ## - الوصف المادى
التعداد 574 ص ؛
أبعاد الوعاء 24 سم
490 0# - بيان السلسلة
عنوان السلسلة موسوعة تاريخ العصور الوسطى و الحروب الصليبية
504 ## - تبصرة ببليوجرافية
تبصرة ببليوجرافية,الخ ببليوجرافية : ص 543 - 555
600 04 - المدخل الاضافى بالموضوع-اسم شخصى
الإسم الشخصى عمادالدين زنكى
600 04 - المدخل الاضافى بالموضوع-اسم شخصى
الإسم الشخصى نورالدين زنكى
600 04 - المدخل الاضافى بالموضوع-اسم شخصى
الإسم الشخصى الامام عبدالقادر الجيلانى
650 04 - المدخل الاضافى بالموضوع-مصطلح موضوعى
مصطلح موضوعي الدولة الزنكية
التقسيم الفرعي العام تاريخ
650 04 - المدخل الاضافى بالموضوع-مصطلح موضوعى
مصطلح موضوعي الدولة الايوبية
التقسيم الفرعي العام تاريخ
650 04 - المدخل الاضافى بالموضوع-مصطلح موضوعى
مصطلح موضوعي الحروب الصليبية
942 ## - عناصر المدخل الإضافي( كوها)
مصدر التصنيف او مخطط الترفيف Dewey Decimal Classification
Koha [default] item type كتاب
260 ## - PUBLICATION, DISTRIBUTION, ETC. (IMPRINT)
-- القاهرة :
-- دار الكتاب الحديث ،
Holdings
حالة التراجع حالة الفقد حالة تلف ليس للاعارة المكان المؤقت الموقع الحالى تاريخ الاكتساب اجمالي اﻻعارات رقم الطلب الباركود تاريخ اخر مشاهدة تاريخ تفعيل السعر نوع وعاء كوها
        مكتبة القاهرة الكبرى مكتبة القاهرة الكبرى 02/25/2015   953.07392\ ع غ 159573 02/25/2015 02/25/2015 كتاب

Powered By

EGPV